MARC details
| 000 -LEADER |
| fixed length control field |
01925nam a2200289 a 4500 |
| 008 - FIXED-LENGTH DATA ELEMENTS--GENERAL INFORMATION |
| fixed length control field |
120416s1995 ||||||||||||||||| || u |
| 020 ## - INTERNATIONAL STANDARD BOOK NUMBER |
| International Standard Book Number |
0958390932 |
| 050 ## - LIBRARY OF CONGRESS CALL NUMBER |
| Classification number |
Z 674.5.Z2 Lun |
| 100 ## - MAIN ENTRY--PERSONAL NAME |
| Personal name |
Lundu, Maurice Chimfwembe |
| 245 14 - TITLE STATEMENT |
| Title |
The library in the service of society: philosophical foundation |
| 260 ## - PUBLICATION, DISTRIBUTION, ETC. |
| Place of publication, distribution, etc. |
Pretoria: |
| Name of publisher, distributor, etc. |
Info Africa Nova |
| Date of publication, distribution, etc. |
1995 |
| 300 ## - PHYSICAL DESCRIPTION |
| Extent |
x, 189p. |
| 350 ## - |
| -- |
0.00 |
| 500 ## - GENERAL NOTE |
| General note |
Includes bibliographical references (p. 169-179) and indexes. |
| 650 ## - SUBJECT ADDED ENTRY--TOPICAL TERM |
| Topical term or geographic name entry element |
LIBRARIES AND SOCIETY |
| 650 ## - SUBJECT ADDED ENTRY--TOPICAL TERM |
| Topical term or geographic name entry element |
LIBRARIES--AIMS AND OBJECTIVES |
| 650 ## - SUBJECT ADDED ENTRY--TOPICAL TERM |
| Topical term or geographic name entry element |
LIBRARIES--AIMS AND OBJECTIVES--AFRICA |
| 650 ## - SUBJECT ADDED ENTRY--TOPICAL TERM |
| Topical term or geographic name entry element |
LIBRARIES AND SOCIETY--AFRICA |
| 995 ## - |
| -- |
ANNEX COLLECTION (Main Library) |
| -- |
0.00 |
| -- |
018103 |
| -- |
CBU-MAIN LIBRARY (Kitwe) |
| -- |
1 |
| -- |
25.00 |
| -- |
Z 674.5.Z2 Lun |
| -- |
AVAILABLE |
| -- |
018103 |
| -- |
Annex Low-Usage Collection |
| 995 ## - |
| -- |
ANNEX COLLECTION (Main Library) |
| -- |
0.00 |
| -- |
729121 |
| -- |
CBU-MAIN LIBRARY (Kitwe) |
| -- |
4 |
| -- |
25.00 |
| -- |
Z 674.5.Z2 Lun |
| -- |
5 |
| -- |
AVAILABLE |
| -- |
021107 |
| -- |
Annex Low-Usage Collection |
| 995 ## - |
| -- |
MAIN LIBRARY OPEN ACCESS |
| -- |
0.00 |
| -- |
728643 |
| -- |
CBU-MAIN LIBRARY (Kitwe) |
| -- |
5 |
| -- |
25.00 |
| -- |
Z 674.5.Z2 Lun |
| -- |
6 |
| -- |
AVAILABLE |
| -- |
021108 |
| -- |
Main Library Open Access Collection |
| 995 ## - |
| -- |
ANNEX COLLECTION (Main Library) |
| -- |
0.00 |
| -- |
018104 |
| -- |
CBU-MAIN LIBRARY (Kitwe) |
| -- |
3 |
| -- |
25.00 |
| -- |
Z 674.5.Z2 Lun |
| -- |
AVAILABLE |
| -- |
018104 |
| -- |
Annex Low-Usage Collection |
| 995 ## - |
| -- |
ANNEX COLLECTION (Main Library) |
| -- |
0.00 |
| -- |
018101 |
| -- |
CBU-MAIN LIBRARY (Kitwe) |
| -- |
2 |
| -- |
25.00 |
| -- |
Z 674.5.Z2 Lun |
| -- |
AVAILABLE |
| -- |
018101 |
| -- |
Annex Low-Usage Collection |
| 995 ## - |
| -- |
SPECIAL COLLECTIONS |
| -- |
0.00 |
| -- |
726943 |
| -- |
CBU-MAIN LIBRARY (Kitwe) |
| -- |
8 |
| -- |
25.00 |
| -- |
ZAM Z 674.5.Z2 Lun |
| -- |
8 |
| -- |
AVAILABLE |
| -- |
018093 |
| -- |
Zambiana Collection |
| 995 ## - |
| -- |
SPECIAL COLLECTIONS |
| -- |
0.00 |
| -- |
726934 |
| -- |
CBU-MAIN LIBRARY (Kitwe) |
| -- |
6 |
| -- |
25.00 |
| -- |
ZAM Z 674.5.Z2 Lun |
| -- |
7 |
| -- |
AVAILABLE |
| -- |
018092 |
| -- |
Zambiana Collection |
| 995 ## - |
| -- |
ANNEX COLLECTION (Main Library) |
| -- |
0.00 |
| -- |
018102 |
| -- |
CBU-MAIN LIBRARY (Kitwe) |
| -- |
7 |
| -- |
25.00 |
| -- |
Z 674.5.Z2 Lun |
| -- |
AVAILABLE |
| -- |
018102 |
| -- |
Annex Low-Usage Collection |
| 999 ## - |
| -- |
80509 |
| -- |
80509 |